000 03528nam a2200841 a 4500
008 110706s2007 sp il. f |||| 001 0 spa d
020 _a9788479039981
041 _aspa
092 _c574
_l10
_sCAM
100 1 _aCampbell, Neil A.
_9107
245 _aBiología /
_cNeil A. Campell
250 _a7a ed.
_bTraducción Silvia Cwi ; Lorenzo Facorro ; Silvia Fernández Castello ; Diana Klajn ; Andrea Méndez ; Judith Oxemberg ; Gabriel Sánchez ; Karina Tzal y Marcelo Vacarezza
260 _aBuenos Aires ; Madrid:
_bEditorial Médica Panamericana;
_c2007.
300 _a1231 p.
_c29 cm.
_eIncluye sitio web complementario: www.medicapanamericana.com/campbell
500 _aCampbell, N. A. y Reece, J. B. (2007). Biología. (7a ed.). Buenos Aires ; Madrid : Editorial Médica Panamericana.
590 _aCompra FACIMED, Julio 2011
653 _aContexto químico de la vida
653 _aAgua y adaptabilidad del ambiente
653 _aCarbono y diversidad molecular de la vida
653 _aEstructura y función de las macromoléculas
653 _aCélula
653 _aEstructura y función de la membrana
653 _aIntroducción al metabolismo
653 _aRespiración celular: obtención de energía química
653 _aFotosíntesis
653 _aComunicación celular
653 _aCiclo celular
653 _aMeiosis y ciclos de vida sexual
653 _aMendel y el concepto del gen
653 _aBases cromosómicas de la herencia
653 _aBases moleculares de la herencia
653 _aGen a proteína
653 _aGenética de los virus y de las bacterias
653 _aGenomas eucariontes: organización, regulación y evolución
653 _aTecnología del DNA y genómica
653 _aBases genéticas del desarrollo
653 _aDescendencia con modificación: una visión darwiniana de la vida
653 _aEvolución de las poblaciones
653 _aOrigen de las especies
653 _aFilogenia y sistemática
653 _aArbol de la vida: introducción a la diversidad biológica
653 _aProcariontes
653 _aProtistas
653 _aDiversidad vegetal I: como las plantas colonizaron la tierra
653 _aDiversidad vegetal II: Evolución de las plantas con semilla
653 _aHongos
653 _aIntroducción a la diversidad animal
653 _aInvertebrados
653 _aVertebrados
653 _aEstructura, crecimiento y desarrollo de las plantas
653 _aTransporte en las plantas vasculares
653 _aNutrición de las plantas
653 _aReproducción y biotecnología de las angiospermas
653 _aRespuestas de las plantas a las señales internas y externas
653 _aPrincipios básicos de la forma y la función de los animales
653 _aNutrición de los animales
653 _aCirculación e intercambio de gases
653 _aSistema inmunitario
653 _aOsmorregulación y excreción
653 _aHormonas y sistema endocrino
653 _aReproducción animal
653 _aDesarrollo animal
653 _aSistema nervioso
653 _aMecanismos sensitivos y motores
653 _aIntroducción a la biología y a la biosfera
653 _aEcología del comportamiento
653 _aEcología de las poblaciones
653 _aEcología de la comunidad
653 _aEcosistemas
653 _aBiología de la conservación y ecología de la restauración
700 1 _aReece, Jane B.
_9108
942 _2ddc
_cBK
_04
999 _c869
_d869